Miasta w woj. lubuskim - nagła śmierć - Statystyki

Ogólne statystyki
  • Ten quiz został rozwiązany 95 razy
    89 od ostatniego zresetowania
  • Średni wynik to 13 z 20
Answers on the Grid
Answers color-coded by a green-red scale on the quiz's grid according to % correct below.
Gorzów Wielkopolski
Zielona Góra
Babimost
Strzelce Krajeńskie
Kostrzyn nad Odrą
Sulęcin
Drezdenko
Międzyrzecz
Świebodzin
Słubice
Gubin
Krosno Odrzańskie
Żary
Żagań
Nowa Sól
Wschowa
Sława
Bytom Odrzański
Sulechów
Szprotawa
Gryfino
Międzychód
Wolsztyn
Głogów
Bolesławiec
Zgorzelec
Trzcianka
Czarnków
Barlinek
Lubusz
Myślibórz
Góra
 
Statystyki odpowiedzi
Odpowiedź % Poprawnych
Kostrzyn nad Odrą
78%
Krosno Odrzańskie
78%
Gorzów Wielkopolski
75%
Słubice
75%
Świebodzin
75%
Zielona Góra
75%
Sulęcin
72%
Żary
69%
Drezdenko
67%
Nowa Sól
64%
Żagań
64%
Bytom Odrzański
61%
Gubin
61%
Sulechów
61%
Wschowa
61%
Babimost
56%
Międzyrzecz
56%
Sława
53%
Szprotawa
53%
Strzelce Krajeńskie
50%
Nie znaleziono quizów pasujących do podanych kryteriów
Rozkład punktacji
Procent ludzi z każdym wynikiem
Percentyl według liczby udzielonych odpowiedzi
Twoja historia wyników
Nie rozwiązałeś tego quizu od ostatniego zresetowania